| 000 | 00891nam a2200277 a 4500 | ||
|---|---|---|---|
| 008 | |||
| 020 | _a0879693096 (spiral bound) | ||
| 049 | _aMAIN | ||
| 090 | 0 | 0 | _aQH442.2 |
| 100 | 1 | _aSambrook, Joseph. | |
| 245 | 1 | 0 |
_aMolecular cloning : _ba laboratory manual / _cJ. Sambrook, E. F. Fritsch, T. Maniatis. |
| 250 | _a2nd ed. | ||
| 260 |
_aPlainview : _bCold Spring Harbor Laboratory Press, _cc1989. |
||
| 300 |
_a3 v.(various pagings) : _bill. ; _c28 cm. |
||
| 504 | _aIncludes bibliographical references. | ||
| 500 | _aIncludes index. | ||
| 650 | 0 |
_aMolecular cloning _vLaboratory manuals. |
|
| 650 | 0 |
_aEukaryotic cells _vLaboratory manuals. |
|
| 700 | 1 | _aFritsch, E. F. | |
| 700 | 1 | _aManiatis, Tom. | |
| 907 |
_a.b10123854 _b02-06-04 _c01-06-04 |
||
| 003 | |||
| 005 | 20230123133724.0 | ||
| 040 | _cNUST | ||
| 942 |
_cBOOKS _kQH442.2 |
||
| 999 |
_c153497 _d153497 |
||